111 funciones en Clipper version 5.01
Saved in:
| Hovedforfatter: | |
|---|---|
| Format: | Bog |
| Sprog: | spansk |
| Udgivet: |
Madrid
McGraw-Hill
1992
|
| Serier: | Serie McGraw-Hill de Informática
|
| Fag: | |
| Tags: |
Tilføj Tag
Ingen Tags, Vær først til at tagge denne postø!
|
MARC
| LEADER | 00000nam a2200000 a 4500 | ||
|---|---|---|---|
| 001 | UCY0240 | ||
| 003 | CL-VaPUC | ||
| 008 | 940719e19920000SP |||||||||||||||||spa|d | ||
| 082 | 0 | 4 | |a 005.453 |b RAM |2 21 |
| 100 | 0 | |a Ramalho, José Antonio |e author |9 483333 | |
| 245 | 1 | 0 | |a 111 funciones en Clipper version 5.01 |
| 300 | |a 315 p | ||
| 942 | |c BK | ||
| 945 | |d 19940719 00:00:00 |a mfernand | ||
| 260 | |a Madrid |b McGraw-Hill |c 1992 | ||
| 650 | 7 | |a CLIPPER |2 CL-VaPUC |9 263709 | |
| 650 | 0 | |a Programas de computadores |9 260046 | |
| 650 | 7 | |a COMPILADORES |2 CL-VaPUC |9 259529 | |
| 650 | 0 | |a Software |9 387312 | |
| 583 | |a last modification |c 19940719 00:00:00 |k Rodrigo Vera | ||
| 490 | 0 | |a Serie McGraw-Hill de Informática | |
| 999 | |c 308109 |d 308107 | ||
| 952 | |0 0 |1 0 |4 0 |6 005_453000000000000_RAM_1992 |7 0 |8 A |9 374380 |a BIBING |b BIBING |d 2019-11-21 |i 2995557 |o 005.453 RAM 1992 |p 2995557 |r 2025-01-20 |w 2019-11-21 |y BK |k CCI | ||